000 02012nam a22001577a 4500
999 _c528278
_d528278
008 241126b ||||| |||| 00| 0 eng d
100 _aKaushiki, Nishtha
_959645
245 _aIndo-Japanese cooperation for tackling AES in Bihar: Prospects of collaboration with JICA
260 _aBihar Journal of Public Administration
300 _a16(1), Jan-Jun, 2019: p.49-55
520 _aThe menace of Acute Encephalitis Syndrome (AES) set its foot yet again in Bihar and Litchi (and the possible hypoglycaemia) has been blamed again for its outbreak in Bihar. For beating this menace, the role of the administration, health bureaucracy and political leadership should be held responsible for overlooking the possible solutions in advance. The menace could have been avoided and precious lives of younger ones could have been saved, if it was taken into consideration in advance by the health administration of Bihar. In view of the weakness on the part of health administration, the present paper seeks to explore the viability of cooperation of Japan International Cooperation Agency (JPCA) in beating the menace on the basis of JICA’s success track record in its working with West Bengal’s National Institute of Cholera and Enteric Diseases (NICED). In this process, the present study intends to examine the ways which may be used for tackling the menace of AES in Bihar. It seems that establishment of an Indo-Japan AES Research Institute and Hospital with Japanese support and technical assistance will be a welcome step. Finally, the paper recommends some suggestions, useful in policy making, in the areas of technical, administrative and financial aspects of the management of arresting AES outbreak. – Reproduced http://www.iipabiharbranch.org/upload/Complete%20BJPA%20Vol%20XVI%20No.%201%20-%202019.pdf
650 _aAES, Administration, Indo-Japan cooperation, JICA, Bihar.
_949084
773 _aBihar Journal of Public Administration
906 _aINTERNATIONAL RELATIONS
942 _cAR